000 00973cam a2200289 a 4500
003 data
005 20260322212024.0
008 data
010 _a 2007017108
020 _a9781556428074 (alk. paper)
020 _a1556428073 (alk. paper)
040 _aDLC
_cDLC
_dYDXCP
_dBTCTA
_dYDXCP
049 _aTJCC
050 0 0 _aBF698.3
_b.G63 2008
082 0 0 _a155.2/64
_222
092 _a155.264 G63 2008
100 1 _aGlazov, Sheila,
_d1945-
245 1 0 _aWhat color is your brain? :
_ba fun and fascinating approach to understanding yourself and others /
_cSheila Glazov.
260 _aThorofare, NJ :
_bSLACK,
_cc2008.
300 _axvi, 157 p. :
_bill. ;
_c23 cm.
504 _aIncludes bibliographical references (p. [143]-145) and index.
650 0 _aTypology (Psychology)
650 0 _aMyers-Briggs Type Indicator.
650 0 _aColor
_xPsychological aspects.
856 4 1 _3Table of contents only
_uhttp://www.loc.gov/catdir/toc/ecip0717/2007017108.html
001 data
999 _c556
_d556